000
00323nam a22001457a 4500
008
221104b ||||| |||| 00| 0 eng d
020
_a
0898591570
041
_a
eng
080
_a
573
082
_a
573 SPE
100
_a
16.1
101
_a
BIO
245
_a
INFORMATION PROCESSING IN ANIMALS
_c
SPEAR N
942
_2
udc
_c
BK
999
_c
58740
_d
58740